À quoi sert le savoir ? (notice n° 1641832)
[ vue normale ]
| 000 -LEADER | |
|---|---|
| fixed length control field | 02203cam a2200169 4500500 |
| 005 - DATE AND TIME OF LATEST TRANSACTION | |
| control field | 20260201120106.0 |
| 041 ## - LANGUAGE CODE | |
| Language code of text/sound track or separate title | fre |
| 042 ## - AUTHENTICATION CODE | |
| Authentication code | dc |
| 100 10 - MAIN ENTRY--PERSONAL NAME | |
| Personal name | Laberge, Yves |
| Relator term | author |
| 245 00 - TITLE STATEMENT | |
| Title | À quoi sert le savoir ? |
| 260 ## - PUBLICATION, DISTRIBUTION, ETC. | |
| Date of publication, distribution, etc. | 2014.<br/> |
| 500 ## - GENERAL NOTE | |
| General note | 70 |
| 520 ## - SUMMARY, ETC. | |
| Summary, etc. | L’actionnariat salarié apparaît comme une solution pour limiter les pouvoirs des employeurs et pour intégrer les travailleurs dans l’entreprise, conçue au-delà de la société comme un lieu de production collectif. L’analyse de la reprise du groupe de presse Le Monde, dont le premier actionnaire était historiquement ses salariés et notamment les journalistes du quotidien Le Monde, par des actionnaires externes en novembre 2010, interroge les limites de la participation actionnariale des travailleurs. Face aux crises récurrentes que le groupe a traversées, les positions d’actionnaire et de salarié se sont avérées difficiles à concilier. Le renoncement au pouvoir actionnarial lors de la vente du groupe permet une redécouverte des capacités de négociation propres aux salariés. Ce cas montre que paradoxalement, la participation actionnariale des travailleurs ne se révèle pas nécessairement le meilleur moyen d’assurer une autonomie d’exercice aux salariés. |
| 520 ## - SUMMARY, ETC. | |
| Summary, etc. | To be employee and shareholder appears as a solution to limit the power of employers and to integrate workers into the company. The analysis of the sale of the press group Le Monde, whose largest shareholder was historically its employees, by external shareholders in November 2010 questions the limits of owner participation. Faced with recurring crises that the group went through, the positions of shareholder and employee were difficult to reconcile. Quitting shareholder power when selling group allows a rediscovery of the capabilities of employees. This case shows that, paradoxically, the government shareholding workers do not necessarily reveal the best way to ensure the independance of employees. |
| 786 0# - DATA SOURCE ENTRY | |
| Note | L'Homme & la Société | 189-190 | 3 | 2014-02-01 | p. 317-322 | 0018-4306 |
| 856 41 - ELECTRONIC LOCATION AND ACCESS | |
| Uniform Resource Identifier | <a href="https://shs.cairn.info/revue-l-homme-et-la-societe-2013-3-page-317?lang=fr&redirect-ssocas=7080">https://shs.cairn.info/revue-l-homme-et-la-societe-2013-3-page-317?lang=fr&redirect-ssocas=7080</a> |
Pas d'exemplaire disponible.




Réseaux sociaux